000 00821nam a2200253Ia 4500
003 OSt
005 20220918171140.0
006 a|||||r|||| 00| 0
007 ta
008 220917b |||||||| |||| 00| 0 eng d
020 _a9781403933102 (hbk)
_c3563.09
024 _a233,157
037 _b85294, 28/12/2008, International Book Distributors
_cTextual
040 _aARTS
_cARTS
_beng
041 _2eng
_aeng
082 _aO111,1:g(P795), P7
100 _aBery Ashok
_934497
245 0 _aCultural translation and postcolonial poetry
260 _aNew York
_bPalgrave Macmillan U.S.A.
_c2007
300 _aviii, 221p.
_ccm.
650 _aENGLISH LITERATURE
942 _hO111,1:g(P795), P7
_cTEXL
_2CC
999 _c138106
_d138106